Statistiques concernant Chanson Le Zizi de Pierre Perret 2e partie

Cliquez ici pour prendre le quiz!

Statistiques générales

  • Ce quiz a été pris 37 fois
  • Le résultat moyen est 23 sur 31

Statistiques - réponses

HintRéponse% Correct
... se reconnait à son gros (...) roulécol
91%
Le (...), le beaulaid
91%
Le dur, le (...)mou
91%
qui apprenait la barre fixe à ses (...)petits-enfants
91%
L'alipiniste et son beau (...) à glacepic
91%
Tout tout tout, vous (...) tout sur le zizisaurez
91%
Tout, tout, tout, je vous dirai tout sur le (...)zizi
91%
qui clignotait dans les cas d'(...)urgence
86%
Le (...), le fauxvrai
86%
qui a un (...) cougrand
82%
Avec un zizi aux (...) incertainesmoeurs
82%
Le (...) pelémont
82%
qui avait perdu ses (...)pompons
82%
Celui d'un (...) d'ambulanceinfirmier
77%
j'ai même cassés des (...)noix
77%
j'ai même fait des (...) de veau à l'ancienneris
77%
... qui est toujours au bord de l'(...)embargo
73%
avec celui de mon (...)mari
73%
d'un trapéziste (...)ambulant
68%
... le zizi (...) chez le routiermusclé
68%
Avec celui d'un (...)chinois
64%
... celui d'un (...) bretonmarin
64%
... J'ai roulé de la (...)pâtisserie
64%
... qui sonne l'(...) les mains dans le dosAngélus
59%
et celui d'un juif (...)cossu
59%
qui mesurait le (...)tissu
59%
Le gros, le (...)touffu
59%
...j'ai vu le ptit zizi des (...)aristos
50%
magnifique au (...) des Grandes Jorassesdessus
50%
... J'ai vu le zizi (...)affolant
45%
J'ai vu le grand zizi d'un p'tit (...)bedeau
41%

Distribution des résultats

Percentile par nombre de réponses

% des personnes avec chaque résultat

Votre développement - résultats

Vous n’avez pas pris ce quiz